| 000 | 01013cam a22003257i 4500 | ||
|---|---|---|---|
| 005 | 20260322212014.0 | ||
| 008 | data | ||
| 010 | _a 2009902610 | ||
| 020 | _a0982063407 | ||
| 020 | _a9780982063408 | ||
| 040 |
_aDLC _beng _erda _cDLC |
||
| 042 | _apcc | ||
| 043 | _an-us-az | ||
| 050 | 0 | 0 | _aMLCM 2015/41659 (H) |
| 092 | _a364.68 Hor 2009 | ||
| 100 | 1 | _aHorne, Daniel. | |
| 245 | 1 | 0 |
_aAccidental Felons / _cDaniel Horne. |
| 264 | 1 |
_aMesa, Arizona : _bFat Bellied Laughing Buddha Publishing, _c[2009] |
|
| 300 |
_a354 pages ; _c23 cm |
||
| 336 |
_atext _btxt _2rdacontent |
||
| 337 |
_aunmediated _bn _2rdamedia |
||
| 338 |
_avolume _bnc _2rdacarrier |
||
| 500 | _a"And Then They Came For Us..." --Cover. | ||
| 504 | _aIncludes bibliographical references. | ||
| 650 | 0 |
_aCriminal justice, Administration of _zArizona _vBiography. |
|
| 906 |
_a7 _bcbc _corigres _d4 _encip _f20 _gy-gencatlg |
||
| 925 | 0 |
_aacquire _b1 shelf copy _xpolicy default |
|
| 001 | data | ||
| 999 |
_c293 _d293 |
||